[Event "2012(Zaozhuang-China) Asian Nations Chess Cup"]
[Site "ZaoZhuang, China"]
[Date "2012.05.22"]
[Round "5"]
[Board "3"]
[White "Davletbayeva, Madina"]
[Black "Shen, Yang"]
[Result "0-1"]
[WhiteElo "2183"]
[BlackElo "2419"]
[PlyCount "0"]
[EventDate "2012.05.17"]
[EventType "team"]
[EventRounds "9"]
[EventCountry "CHN"]
[WhiteTeam "Kazakhstan"]
[BlackTeam "China 1"]

1. e4 e5 2. Nf3 Nc6 3. Bb5 a6 4. Ba4 Nf6 5. Nc3 Bd6 6. O-O O-O 7. Bxc6 dxc6 8.
d4 Nd7 9. dxe5 Nxe5 10. Nxe5 Bxe5 11. Qxd8 Rxd8 12. Ne2 f5 13. f4 Bd6 14. e5
Bc5+ 15. Kh1 Be6 16. b3 Rd7 17. c3 Rad8 18. Nd4 Bxd4 19. cxd4 Rxd4 20. Be3 Rd3
21. Rfe1 Kf7 22. Kg1 Bd5 23. Kf2 Be4 24. h3 Ke6 25. g4 b6 26. Rec1 a5 27. Rc4
c5 28. Re1 Bd5 29. Rc2 Rd7 30. Ree2 a4 31. bxa4 Ra3 32. Red2 Rxa4 33. Rd3 Be4
34. Rxd7 Kxd7 35. Rd2+ Ke6 36. Kg3 Ra3 37. Re2 Bd5 38. Kh4 Rxa2 39. Re1 Rg2 40.
Ra1 Re2 41. Bg1 Ra2 42. Rd1 g6 43. gxf5+ gxf5 44. Kg5 h5 45. Re1 Bf3 46. Rc1
Be2 47. Rc3 c4 48. Rg3 Bf1 49. Kxh5 Rg2 50. Rg5 c3 51. Be3 Rxg5+ 52. fxg5 f4
53. Bxf4 Bxh3 54. g6 Bf5 55. g7 Bh7 56. Kg4 b5 57. Be3 b4 58. Bd4 c5 0-1

[Event "2012(Zaozhuang-China) Asian Nations Chess Cup"]
[Site "ZaoZhuang, China"]
[Date "2012.05.22"]
[Round "5"]
[Board "4"]
[White "Ding, Yixin"]
[Black "Saduakassova, Dinara"]
[Result "1/2-1/2"]
[WhiteElo "2353"]
[BlackElo "2219"]
[PlyCount "0"]
[EventDate "2012.05.17"]
[EventType "team"]
[EventRounds "9"]
[EventCountry "CHN"]
[WhiteTeam "China 1"]
[BlackTeam "Kazakhstan"]

1. e4 e5 2. Nc3 Nc6 3. g3 g6 4. Bg2 Bg7 5. Nge2 Nge7 6. d3 d6 7. O-O O-O 8. Nd5
f5 9. c3 Nxd5 10. exd5 Ne7 11. d4 e4 12. Nf4 c6 13. c4 cxd5 14. cxd5 Qb6 15.
Be3 Bd7 16. Qd2 Rfc8 17. Rfc1 Be8 18. f3 exf3 19. Bxf3 Bf7 20. h4 Bh6 21. Ng2
Bg7 22. Nf4 Bh6 23. Ng2 Bg7 24. Nf4 1/2-1/2

[Event "2012(Zaozhuang-China) Asian Nations Chess Cup"]
[Site "ZaoZhuang, China"]
[Date "2012.05.22"]
[Round "5"]
[Board "1"]
[White "Pham, Le Thao Nguyen"]
[Black "Tan, Zhongyi"]
[Result "1/2-1/2"]
[WhiteElo "2390"]
[BlackElo "2430"]
[PlyCount "0"]
[EventDate "2012.05.17"]
[EventType "team"]
[EventRounds "9"]
[EventCountry "CHN"]
[WhiteTeam "Vietnam"]
[BlackTeam "China 2"]

1. d4 d5 2. Bf4 c5 3. e3 Nc6 4. c3 Nf6 5. Nd2 Bf5 6. Ngf3 e6 7. Qb3 Qc8 8. Bb5
Be7 9. O-O O-O 10. dxc5 Nd7 11. Qd1 Nxc5 12. Nb3 Bg4 13. h3 Bh5 14. Be2 Na4 15.
Rb1 a6 16. Nbd4 Nxd4 17. cxd4 Bxf3 18. Bxf3 Qd7 19. Be2 b5 20. Bd3 Rac8 21. Qe2
Bd6 22. Bxd6 Qxd6 23. Rfd1 f5 24. f3 Rc7 25. Bc2 Nb6 26. e4 fxe4 27. fxe4 Rcf7
28. exd5 Nxd5 29. Qe4 g6 30. Bb3 Nf4 31. Rd2 Rf5 32. Rbd1 Kg7 1/2-1/2

[Event "2012(Zaozhuang-China) Asian Nations Chess Cup"]
[Site "ZaoZhuang, China"]
[Date "2012.05.22"]
[Round "5"]
[Board "2"]
[White "Zhang, Xiaowen"]
[Black "Nguyen, Thi Thanh An"]
[Result "1/2-1/2"]
[WhiteElo "2385"]
[BlackElo "2301"]
[PlyCount "0"]
[EventDate "2012.05.17"]
[EventType "team"]
[EventRounds "9"]
[EventCountry "CHN"]
[WhiteTeam "China 2"]
[BlackTeam "Vietnam"]

1. e4 c5 2. Nf3 d6 3. c3 Nf6 4. h3 e6 5. Bd3 Be7 6. Bc2 O-O 7. O-O Nc6 8. Re1
b6 9. d3 Bb7 10. Nbd2 Rc8 11. Nf1 Ne5 12. N3h2 Ng6 13. Ng3 Qc7 14. f4 Rfe8 15.
Nf3 Bf8 16. Bd2 a6 17. Rc1 b5 18. d4 cxd4 19. cxd4 Qb6 20. Be3 Qa5 21. a3 b4
22. a4 b3 23. Bxb3 Nxe4 24. Nxe4 Bxe4 25. Ng5 Rxc1 26. Bxc1 Bd5 27. Bd2 Qb6 28.
Qh5 h6 29. Nxf7 Qxd4+ 30. Be3 Qf6 31. Bc2 Kxf7 32. f5 exf5 33. Bxf5 Bc4 34. b3
Re5 35. Bxg6+ Qxg6 36. Qf3+ Qf6 37. bxc4 Qxf3 38. gxf3 d5 39. cxd5 Rxd5 40. Rb1
Ra5 41. Ra1 Be7 42. Ra2 Bb4 43. Kf2 Rh5 44. Rb2 a5 45. Kg2 Rd5 46. Kf2 Rd3 47.
Ra2 Ke6 48. Ke2 Rb3 49. Rc2 Ra3 50. Rc7 g6 51. Rc6+ Kf5 52. Bxh6 Rxa4 53. Bg7
Be7 54. Bc3 Ra2+ 55. Kd3 a4 56. Rc7 Ke6 57. Rc6+ Kf7 58. Rc7 Ke8 59. Rc8+ Kd7
60. Rg8 Rg2 61. h4 Bxh4 62. Ra8 Ra2 63. Rg8 g5 64. Bd2 Ke6 65. f4 gxf4 66. Bxf4
Be7 67. Ra8 a3 68. Bd2 Kd5 69. Ra4 Bc5 70. Bb4 Bxb4 71. Rxb4 Kc5 72. Ra4 Rh2
73. Kc3 Kb5 74. Rxa3 1/2-1/2

[Event "2012(Zaozhuang-China) Asian Nations Chess Cup"]
[Site "ZaoZhuang, China"]
[Date "2012.05.22"]
[Round "5"]
[Board "3"]
[White "Pham, Bich Ngoc"]
[Black "Wang, Jue"]
[Result "0-1"]
[WhiteElo "2176"]
[BlackElo "2364"]
[PlyCount "0"]
[EventDate "2012.05.17"]
[EventType "team"]
[EventRounds "9"]
[EventCountry "CHN"]
[WhiteTeam "Vietnam"]
[BlackTeam "China 2"]

1. c4 e5 2. Nc3 Nf6 3. g3 d5 4. cxd5 Nxd5 5. Bg2 Nb6 6. Nf3 Nc6 7. O-O Be7 8.
d3 g5 9. d4 exd4 10. Nb5 Bf6 11. e3 d3 12. Ne1 Be6 13. Nxd3 Bc4 14. Nd4 Nxd4
15. exd4 O-O 16. Bxb7 Qxd4 17. Bxa8 Rxa8 18. Be3 Qxd3 19. Qf3 Kg7 20. Rfd1 Qe2
21. Qc6 Bb5 22. Qxc7 Rc8 23. Qxa7 Nc4 24. Bd4 Ne5 25. Bxe5 Qxe5 26. a4 Bc6 27.
Qe3 Qf5 28. Rd2 Re8 29. Qb3 Qe4 30. f3 Qf5 31. Qd3 Qc5+ 32. Kg2 Re3 33. Qc2
Bxf3+ 34. Kf1 Qe5 35. a5 Be4 36. Qd1 Rf3+ 37. Ke1 Bd3+ 38. Re2 Bxe2 0-1

[Event "2012(Zaozhuang-China) Asian Nations Chess Cup"]
[Site "ZaoZhuang, China"]
[Date "2012.05.22"]
[Round "5"]
[Board "4"]
[White "Guo, Qi"]
[Black "Nguyen, Thi Mai Hung"]
[Result "1/2-1/2"]
[WhiteElo "2360"]
[BlackElo "2237"]
[PlyCount "0"]
[EventDate "2012.05.17"]
[EventType "team"]
[EventRounds "9"]
[EventCountry "CHN"]
[WhiteTeam "China 2"]
[BlackTeam "Vietnam"]

1. d4 d5 2. c4 c6 3. Nf3 Nf6 4. Nc3 e6 5. e3 Nbd7 6. Qc2 Bd6 7. Bd3 O-O 8. O-O
h6 9. Rd1 Qe7 10. e4 dxe4 11. Nxe4 Nxe4 12. Bxe4 c5 13. Qe2 Nf6 14. Bc2 b6 15.
dxc5 Bxc5 16. a3 a5 17. Bf4 Bb7 18. h3 Rfd8 19. Be5 Rac8 20. Rxd8+ Rxd8 21. Rd1
Rd7 22. Bc3 Rxd1+ 23. Qxd1 Ne4 24. Bd4 Qd6 25. Bxc5 Qxd1+ 26. Bxd1 Nxc5 27. Nd2
e5 28. f3 f5 29. Bc2 g6 30. g4 Bc8 31. Nf1 Be6 32. h4 Kg7 33. gxf5 gxf5 34. b3
Kf6 35. Ng3 f4 36. Ne4+ Nxe4 37. fxe4 Kg6 38. Bd1 a4 39. b4 Bxc4 40. Bxa4 Kh5
41. Kf2 Kxh4 42. Bd7 Kg5 43. a4 Kf6 44. Bg4 Bd3 45. Bf3 h5 46. a5 bxa5 47. bxa5
h4 48. Kg2 Kg5 49. Kh2 Bf1 50. Kg1 Ba6 51. Kh2 Bb7 52. Kg2 Bc8 53. Be2 h3+ 54.
Kf2 Bb7 55. Bf3 Kh4 56. Bh1 Ba6 57. Bf3 Bb7 58. Bh1 Kg5 59. Bf3 Kf6 60. Kg1 Ke7
61. Kh2 Bc8 62. Be2 Kd6 63. a6 Kc5 64. a7 Bb7 65. Bf3 Kb6 66. Kxh3 Kxa7 67. Kg4
1/2-1/2

[Event "2012(Zaozhuang-China) Asian Nations Chess Cup"]
[Site "ZaoZhuang, China"]
[Date "2012.05.22"]
[Round "5"]
[Board "1"]
[White "Munguntuul, Batkhuyag"]
[Black "Zhai, Mo"]
[Result "1/2-1/2"]
[WhiteElo "2451"]
[BlackElo "2248"]
[PlyCount "0"]
[EventDate "2012.05.17"]
[EventType "team"]
[EventRounds "9"]
[EventCountry "CHN"]
[WhiteTeam "Mongolia"]
[BlackTeam "China 3"]

1. d4 Nf6 2. Nf3 e6 3. Bf4 c5 4. e3 Nc6 5. c3 b6 6. Bd3 Be7 7. h3 O-O 8. O-O
Bb7 9. Nbd2 Re8 10. a3 a6 11. Bh2 d6 12. Qc2 Rc8 13. Rad1 cxd4 14. exd4 Bf8 15.
Qb1 b5 16. Rfe1 Na5 17. Ng5 g6 18. Ndf3 Bd5 19. Re2 Qd7 20. Rde1 Bh6 21. Ne4
Nxe4 22. Bxe4 Qc6 23. Bxd5 Qxd5 24. Qe4 Qxe4 25. Rxe4 Red8 26. g4 Nc4 27. g5
Bg7 28. R4e2 a5 29. Ra1 Rc6 30. a4 bxa4 31. Rxa4 Rb8 32. Bf4 Nxb2 33. Rxa5 Bf8
34. Rc2 Nc4 35. Ra7 Rb5 36. Bc1 Nb6 37. Nh2 Nd5 38. Ng4 Rxc3 39. Rxc3 Nxc3 40.
Nf6+ Kg7 41. Ne8+ Kg8 42. Nf6+ Kg7 43. Ne8+ Kg8 44. Nf6+ Kg7 1/2-1/2

[Event "2012(Zaozhuang-China) Asian Nations Chess Cup"]
[Site "ZaoZhuang, China"]
[Date "2012.05.22"]
[Round "5"]
[Board "2"]
[White "Ren, Xiaoyi"]
[Black "Bayarmaa, Bayarjargal"]
[Result "1-0"]
[WhiteElo "2202"]
[BlackElo "2009"]
[PlyCount "0"]
[EventDate "2012.05.17"]
[EventType "team"]
[EventRounds "9"]
[EventCountry "CHN"]
[WhiteTeam "China 3"]
[BlackTeam "Mongolia"]

1. d4 Nf6 2. c4 g6 3. Nc3 d6 4. e4 Bg7 5. f3 O-O 6. Be3 Nc6 7. Nge2 a6 8. Qd2
Rb8 9. Nc1 e5 10. Nb3 exd4 11. Nxd4 Nxd4 12. Bxd4 c6 13. Be2 Be6 14. Rd1 Qa5
15. O-O c5 16. Be3 Rfd8 17. Bh6 Bxh6 18. Qxh6 Qb4 19. Qh4 Ne8 20. Rd2 Bxc4 21.
a3 Qb3 22. Bxc4 Qxc4 23. Nd5 Kg7 24. Qe7 Qa4 25. f4 Rd7 26. Qh4 Qa5 27. Rd3 Qd8
28. Qe1 Nf6 29. Qc3 b5 30. g4 a5 31. g5 b4 32. axb4 axb4 33. gxf6+ Kh8 34. Qe1
Ra7 35. Rh3 Ra2 36. Rxh7+ Kxh7 37. Qh4+ Kg8 38. Ne7+ Qxe7 39. fxe7 Rxb2 40. f5
1-0

[Event "2012(Zaozhuang-China) Asian Nations Chess Cup"]
[Site "ZaoZhuang, China"]
[Date "2012.05.22"]
[Round "5"]
[Board "3"]
[White "Lkhamsuren, Uuganbayar"]
[Black "Ni, Shiqun"]
[Result "0-1"]
[WhiteElo "2139"]
[BlackElo "2157"]
[PlyCount "0"]
[EventDate "2012.05.17"]
[EventType "team"]
[EventRounds "9"]
[EventCountry "CHN"]
[WhiteTeam "Mongolia"]
[BlackTeam "China 3"]

1. e4 e5 2. Nf3 Nf6 3. Nxe5 d6 4. Nf3 Nxe4 5. Nc3 Nxc3 6. dxc3 Be7 7. Be3 Nc6
8. Qd2 Ne5 9. Be2 O-O 10. O-O-O c6 11. Nd4 Qa5 12. Kb1 c5 13. Nb3 Qa4 14. Bg5
f6 15. Qd5+ Kh8 16. Be3 Bd7 17. f4 Bc6 18. Qe6 Ng6 19. f5 Bd7 20. Nxc5 Bxe6 21.
Nxa4 Bxf5 22. c4 Rfc8 23. Nc3 Ne5 24. b3 Rc6 25. Rd2 a6 26. Rhd1 Bf8 27. Nd5
Re8 28. Bg1 Kg8 29. h3 Be4 30. Bf1 Kf7 31. a4 h5 32. Rf2 h4 33. Rd4 Nd7 34. Kb2
g5 35. Bd3 Bxd3 36. Rxd3 Bg7 37. c3 Re1 38. Bh2 Nc5 39. Re3 Rxe3 40. Nxe3 Nd3+
0-1

[Event "2012(Zaozhuang-China) Asian Nations Chess Cup"]
[Site "ZaoZhuang, China"]
[Date "2012.05.22"]
[Round "5"]
[Board "4"]
[White "Lei, Tingjie"]
[Black "Saikhanzaya, Ganbaatar"]
[Result "1-0"]
[WhiteElo "2154"]
[BlackElo "1868"]
[PlyCount "0"]
[EventDate "2012.05.17"]
[EventType "team"]
[EventRounds "9"]
[EventCountry "CHN"]
[WhiteTeam "China 3"]
[BlackTeam "Mongolia"]

1. c4 Nf6 2. Nf3 c5 3. Nc3 e6 4. e4 d6 5. Be2 b6 6. d4 cxd4 7. Nxd4 Bb7 8. f3
a6 9. O-O Be7 10. Be3 O-O 11. Qd2 Nbd7 12. a4 Rc8 13. a5 Qc7 14. Rfc1 Bd8 15.
axb6 Nxb6 16. b4 Nfd7 17. Ndb5 axb5 18. Nxb5 Qb8 19. Nxd6 Bc7 20. Nxb7 Qxb7 21.
c5 Be5 22. Ra2 Rfd8 23. Ba6 Qb8 24. Bxc8 Nxc8 25. c6 Bxh2+ 26. Kh1 Ncb6 27.
cxd7 Nxd7 28. Ba7 Qd6 29. Qxd6 Bxd6 30. Rd2 Be7 31. Rcd1 1-0

[Event "2012(Zaozhuang-China) Asian Nations Chess Cup"]
[Site "ZaoZhuang, China"]
[Date "2012.05.22"]
[Round "5"]
[Board "1"]
[White "Irine, Kharisma Sukandar"]
[Black "Harika, Dronavalli"]
[Result "0-1"]
[WhiteElo "2288"]
[BlackElo "2508"]
[PlyCount "0"]
[EventDate "2012.05.17"]
[EventType "team"]
[EventRounds "9"]
[EventCountry "CHN"]
[WhiteTeam "Indonesia"]
[BlackTeam "India"]

1. e4 e5 2. Nf3 Nc6 3. Bc4 Bc5 4. O-O Nf6 5. d4 Bxd4 6. Nxd4 Nxd4 7. f4 d6 8.
fxe5 dxe5 9. Bg5 Qe7 10. Nc3 c6 11. Rf2 Be6 12. Bxe6 Nxe6 13. Bxf6 gxf6 14. Qd2
Rg8 15. Raf1 Rg6 16. Kh1 Rd8 17. Qe3 Qc5 18. Qh3 Ng5 19. Qh5 Qe3 20. Re2 Qb6
21. h4 Ne6 22. Qxh7 Ke7 23. Ref2 Nf4 24. Ne2 Qxb2 25. Rxf4 exf4 26. Nxf4 Rg4
27. Kh2 Qe5 28. g3 Qc3 29. Nh5 Rxh4+ 0-1

[Event "2012(Zaozhuang-China) Asian Nations Chess Cup"]
[Site "ZaoZhuang, China"]
[Date "2012.05.22"]
[Round "5"]
[Board "2"]
[White "Karavade, Eesha"]
[Black "Chelsie, Monica Sihite"]
[Result "1-0"]
[WhiteElo "2353"]
[BlackElo "2181"]
[PlyCount "0"]
[EventDate "2012.05.17"]
[EventType "team"]
[EventRounds "9"]
[EventCountry "CHN"]
[WhiteTeam "India"]
[BlackTeam "Indonesia"]

1. Nf3 Nf6 2. c4 e6 3. g3 d5 4. Bg2 Be7 5. O-O O-O 6. b3 d4 7. Bb2 Nc6 8. e3 e5
9. exd4 exd4 10. d3 h6 11. Na3 Bc5 12. Nc2 a5 13. a3 Rb8 14. Rb1 Qd6 15. Bc1 b5
16. b4 axb4 17. axb4 Nxb4 18. Bf4 Qe7 19. Nxb4 Bxb4 20. Nxd4 Bd7 21. cxb5 Bxb5
22. Qb3 Qd7 23. Qxb4 Bxd3 24. Qxb8 Rxb8 25. Rxb8+ Kh7 26. Rd1 Qxd4 27. Bf1 Qa7
28. Bxd3+ g6 29. Rc8 Qa4 30. Rd2 Nd5 31. Be5 f6 32. Bc2 Qg4 33. Rd8 c6 34. Bd4
h5 35. h4 Qe6 36. Be3 Qe7 37. R2xd5 cxd5 38. Ra8 d4 39. Bxd4 Qe1+ 40. Kg2 Qb4
41. Ra7+ Kg8 42. Bxf6 Qb6 43. Rg7+ Kf8 44. Bxg6 Qc6+ 45. Kh2 Qb6 46. Rf7+ Kg8
47. Be5 1-0

[Event "2012(Zaozhuang-China) Asian Nations Chess Cup"]
[Site "ZaoZhuang, China"]
[Date "2012.05.22"]
[Round "5"]
[Board "3"]
[White "Dewi, A.A Citra"]
[Black "Gomes, Mary Ann"]
[Result "1-0"]
[WhiteElo "2112"]
[BlackElo "2378"]
[PlyCount "0"]
[EventDate "2012.05.17"]
[EventType "team"]
[EventRounds "9"]
[EventCountry "CHN"]
[WhiteTeam "Indonesia"]
[BlackTeam "India"]

1. e4 c5 2. Nf3 d6 3. d4 cxd4 4. Nxd4 Nf6 5. f3 e5 6. Nb3 a6 7. c4 Be6 8. Nc3
Nbd7 9. Be3 Be7 10. Be2 O-O 11. Nd5 Bxd5 12. cxd5 Nh5 13. Qd2 Nf4 14. Bxf4 exf4
15. O-O Bf6 16. Rab1 Qb6+ 17. Kh1 Be5 18. Nc1 Nc5 19. Bd1 a5 20. Ne2 Qb4 21.
Qxb4 axb4 22. Nc1 Rfc8 23. Rf2 Bd4 24. Rc2 Be3 25. b3 Re8 26. Be2 Ra5 27. a4 f5
28. Bb5 Re7 29. exf5 Bxc1 30. Rcxc1 Re3 31. Rc4 Nxb3 32. Rxb4 Nc5 33. Rxf4 Kf7
34. Kg1 Kf6 35. Rh4 Re5 36. Rd1 h6 37. Rdd4 Rxf5 38. f4 Kf7 39. g4 Rf6 40. Rh3
Ra8 41. Re3 Rf8 42. Kg2 Kg8 43. Kg3 Ra8 44. h4 Kf8 45. g5 Rf7 46. Kg4 Re7 47.
Rxe7 Kxe7 48. f5 Rh8 49. Rf4 hxg5 50. Kxg5 Kf7 51. h5 Rh6 52. Rb4 Ke7 53. Be2
Kd8 54. a5 Kc7 55. Bb5 Kd8 56. Rf4 Rf6 57. Rh4 Rh6 58. Rf4 Rf6 59. Rg4 Ke7 60.
Kf4 Kf8 61. Rg6 Rxg6 62. fxg6 Ke7 63. Kf5 Nb3 64. Kg5 Nd4 65. h6 gxh6+ 66. Kxh6
Nf5+ 67. Kh7 Kf6 68. Bd7 Ng7 69. Kh6 1-0

[Event "2012(Zaozhuang-China) Asian Nations Chess Cup"]
[Site "ZaoZhuang, China"]
[Date "2012.05.22"]
[Round "5"]
[Board "4"]
[White "Padmini, Rout"]
[Black "Virda, Rizka Aulia"]
[Result "1-0"]
[WhiteElo "2345"]
[BlackElo "1769"]
[PlyCount "0"]
[EventDate "2012.05.17"]
[EventType "team"]
[EventRounds "9"]
[EventCountry "CHN"]
[WhiteTeam "India"]
[BlackTeam "Indonesia"]

1. e4 e6 2. d4 d5 3. Nc3 Bb4 4. e5 b6 5. Qg4 Bf8 6. Nf3 Ba6 7. Bg5 Qd7 8. O-O-O
Bxf1 9. Rhxf1 h5 10. Qh3 Nc6 11. g4 g6 12. Bf6 Nxf6 13. exf6 O-O-O 14. g5 Bb4
15. Ne2 Bd6 16. Kb1 Na5 17. Nd2 Qb5 18. Nc3 Qc6 19. f4 b5 20. b3 Qb7 21. Ka1 c5
22. dxc5 Bxc5 23. Qd3 a6 24. Ne2 Nc6 25. c3 Kb8 26. Nf3 b4 27. c4 dxc4 28. Qxc4
Ba7 29. Qe4 Qb5 30. Rc1 Rd5 31. Rc4 Bc5 32. Rfc1 Na5 33. Ne5 Rf8 34. Rxc5 Qb7
35. Rxd5 exd5 36. Qd4 Rd8 37. Qc5 1-0

[Event "2012(Zaozhuang-China) Asian Nations Chess Cup"]
[Site "ZaoZhuang, China"]
[Date "2012.05.22"]
[Round "5"]
[Board "1"]
[White "Pourkashiyan, Atousa"]
[Black "Khegay, Anjela"]
[Result "0-1"]
[WhiteElo "2336"]
[BlackElo "2184"]
[PlyCount "0"]
[EventDate "2012.05.17"]
[EventType "team"]
[EventRounds "9"]
[EventCountry "CHN"]
[WhiteTeam "Iran"]
[BlackTeam "Singapore"]

1. e4 g6 2. d4 Bg7 3. Nc3 d6 4. Be3 a6 5. Qd2 Nd7 6. Nf3 b5 7. Bd3 Bb7 8. O-O
e6 9. Rfe1 Ne7 10. Bh6 O-O 11. a4 b4 12. Ne2 c5 13. Ng3 Nc6 14. Bxg7 Kxg7 15.
Bf1 Qe7 16. Rad1 Rfd8 17. c4 e5 18. d5 Nd4 19. Nxd4 exd4 20. f4 Re8 21. Bd3 f6
22. Qf2 Rad8 23. Nf1 Bc8 24. Nd2 Rf8 25. b3 Rde8 26. Re2 g5 27. g3 Kh8 28. Kh1
Qg7 29. Rde1 Qh6 30. Qf1 Rg8 31. Rf2 gxf4 32. gxf4 Re7 33. Qe2 Reg7 34. Ref1
Nf8 35. e5 Bh3 36. e6 Bxf1 37. Rxf1 Ng6 38. Bxg6 Qxg6 39. Nf3 Qf5 40. Nh4 Qxf4
41. Qe1 Qg4 42. Qf2 f5 43. Re1 f4 44. Nf3 d3 45. Qf1 Qg2+ 46. Qxg2 Rxg2 47. h4
h6 48. Rf1 d2 49. e7 Rf2 50. Rg1 Rxg1+ 51. Nxg1 Re2 52. Nxe2 d1=Q+ 53. Ng1 Qe1
0-1

[Event "2012(Zaozhuang-China) Asian Nations Chess Cup"]
[Site "ZaoZhuang, China"]
[Date "2012.05.22"]
[Round "5"]
[Board "2"]
[White "Liu, Yang Hazel"]
[Black "Ghader Pour, Shayesteh"]
[Result "1-0"]
[WhiteElo "2096"]
[BlackElo "2241"]
[PlyCount "0"]
[EventDate "2012.05.17"]
[EventType "team"]
[EventRounds "9"]
[EventCountry "CHN"]
[WhiteTeam "Singapore"]
[BlackTeam "Iran"]

1. d4 Nf6 2. Nf3 e6 3. c4 Bb4+ 4. Bd2 a5 5. g3 d6 6. Bg2 Nbd7 7. O-O e5 8. Qc2
O-O 9. Nc3 Re8 10. e4 exd4 11. Nxd4 c6 12. Rad1 Ne5 13. b3 Bc5 14. Bf4 Ng6 15.
Bc1 Ne5 16. Kh1 Bg4 17. f3 Bd7 18. Nde2 Qe7 19. Na4 Ba7 20. Ba3 c5 21. Nac3 Bb8
22. Bc1 h6 23. a4 Nc6 24. Bf4 Nb4 25. Qd2 Ra6 26. Nb5 Bxb5 27. axb5 Ra8 28.
Bxd6 Bxd6 29. Qxd6 Qxd6 30. Rxd6 a4 31. bxa4 Rxa4 32. Nc3 Ra3 33. Rc1 Na2 34.
Nxa2 Rxa2 35. Rcd1 Rc2 36. Bf1 Rf2 37. Bg2 Rc2 38. Bf1 Rf2 39. R6d3 g5 40. Kg1
Rb2 41. Rd8 Rxd8 42. Rxd8+ Kg7 43. e5 Nh7 44. f4 g4 45. h3 h5 46. h4 Nf8 47. f5
Rb3 48. Bd3 Ra3 49. Kf2 b6 50. Ke3 Ra2 51. Be4 Ra1 52. f6+ Kg8 53. Bd5 Re1+ 54.
Kf4 Rf1+ 55. Kg5 Rg1 56. e6 fxe6 57. Bxe6+ Kh7 58. Rxf8 1-0

[Event "2012(Zaozhuang-China) Asian Nations Chess Cup"]
[Site "ZaoZhuang, China"]
[Date "2012.05.22"]
[Round "5"]
[Board "3"]
[White "Hejazipour, Mitra"]
[Black "Tay, Li Jin Jeslin"]
[Result "1-0"]
[WhiteElo "2223"]
[BlackElo "2080"]
[PlyCount "0"]
[EventDate "2012.05.17"]
[EventType "team"]
[EventRounds "9"]
[EventCountry "CHN"]
[WhiteTeam "Iran"]
[BlackTeam "Singapore"]

1. d4 d5 2. Nf3 c6 3. c4 e6 4. e3 Nd7 5. Bd3 f5 6. cxd5 cxd5 7. Nc3 Bd6 8. Nb5
Bb8 9. Bd2 a6 10. Qa4 Kf7 11. Na3 h6 12. Rc1 Ne7 13. Ba5 b6 14. Bb4 Bb7 15. Nb1
Re8 16. Qa3 Nf6 17. Ne5+ Kg8 18. Qa4 Ne4 19. O-O Bxe5 20. dxe5 Ng6 21. Bxe4
fxe4 22. Bd6 b5 23. Qd1 Rc8 24. Qg4 Kh7 25. Nd2 Qa5 26. Nb3 Qxa2 27. Nc5 d4 28.
Nxb7 Rxc1 29. Rxc1 Qxb2 30. Rd1 dxe3 31. fxe3 Qc2 32. Rf1 Qd3 33. Qg3 b4 34.
Nc5 Qd5 35. h4 b3 36. h5 Ne7 37. Bxe7 Rxe7 38. Qg6+ Kg8 39. Nxe4 Qd8 40. Nf6+
Kf8 41. Ng4+ Kg8 42. Nxh6+ Kh8 43. Nf7+ Rxf7 44. Rxf7 Qg8 45. h6 1-0

[Event "2012(Zaozhuang-China) Asian Nations Chess Cup"]
[Site "ZaoZhuang, China"]
[Date "2012.05.22"]
[Round "5"]
[Board "4"]
[White "Chan, Wei Yi Victoria"]
[Black "Derakhshani, Dorsa"]
[Result "1-0"]
[WhiteElo "1947"]
[BlackElo "2004"]
[PlyCount "0"]
[EventDate "2012.05.17"]
[EventType "team"]
[EventRounds "9"]
[EventCountry "CHN"]
[WhiteTeam "Singapore"]
[BlackTeam "Iran"]

1. d4 d5 2. c4 e6 3. Nc3 Be7 4. cxd5 exd5 5. Nf3 c6 6. Qc2 Na6 7. a3 Nc7 8. Bf4
Nf6 9. e3 O-O 10. Bd3 Ne6 11. Be5 g6 12. O-O Ng7 13. b4 a6 14. Rab1 Bf5 15. a4
Bxd3 16. Qxd3 b5 17. a5 Nf5 18. Nd2 Bd6 19. Bxd6 Nxd6 20. f3 Re8 21. e4 Nh5 22.
Ne2 dxe4 23. fxe4 Qh4 24. e5 Nf5 25. Nf3 Nf4 26. Nxh4 Nxd3 27. Nxf5 gxf5 28.
Rb3 Nxe5 29. dxe5 Rxe5 30. Nd4 c5 31. bxc5 Rxc5 32. Nxf5 Ra7 33. Rd3 h5 34. Rh3
b4 35. Rxh5 Rc2 36. Rd1 Ra8 37. h4 b3 38. Rd3 1-0

[Event "2012(Zaozhuang-China) Asian Nations Chess Cup"]
[Site "ZaoZhuang, China"]
[Date "2012.05.23"]
[Round "6"]
[Board "1"]
[White "Ju, Wenjun"]
[Black "Khegay, Anjela"]
[Result "1-0"]
[WhiteElo "2529"]
[BlackElo "2184"]
[PlyCount "0"]
[EventDate "2012.05.17"]
[EventType "team"]
[EventRounds "9"]
[EventCountry "CHN"]
[WhiteTeam "China 1"]
[BlackTeam "Singapore"]

1. d4 Nf6 2. c4 g6 3. g3 Bg7 4. Bg2 O-O 5. Nc3 d6 6. Nf3 Nc6 7. O-O Rb8 8. b3
a6 9. Bb2 b5 10. cxb5 axb5 11. Rc1 b4 12. Na4 Bb7 13. d5 Na7 14. e4 c5 15. dxc6
Bxc6 16. Bd4 Bxa4 17. bxa4 Qa5 18. Bxa7 Qxa7 19. Nd4 Qb6 20. Nc6 Rb7 21. a5 Qb5
22. Re1 Rc7 23. e5 Ne8 24. Bf1 Qb7 25. a6 Qa8 26. Qa4 dxe5 27. Bg2 Kh8 28. Nxe5
Qc8 29. Nc6 Bc3 30. Rxe7 Rxe7 31. Nxe7 Qc5 32. Nd5 Qa7 33. Nxc3 bxc3 34. Rxc3
Nd6 35. Rd3 1-0

[Event "2012(Zaozhuang-China) Asian Nations Chess Cup"]
[Site "ZaoZhuang, China"]
[Date "2012.05.23"]
[Round "6"]
[Board "2"]
[White "Liu, Yang Hazel"]
[Black "Shen, Yang"]
[Result "0-1"]
[WhiteElo "2096"]
[BlackElo "2419"]
[PlyCount "0"]
[EventDate "2012.05.17"]
[EventType "team"]
[EventRounds "9"]
[EventCountry "CHN"]
[WhiteTeam "Singapore"]
[BlackTeam "China 1"]

1. d4 d5 2. c4 c6 3. Nf3 Nf6 4. Nc3 dxc4 5. a4 e6 6. e3 c5 7. Bxc4 Nc6 8. O-O
cxd4 9. exd4 Be7 10. Bf4 O-O 11. Rc1 Nb4 12. Ne5 Bd7 13. Qb3 Bc6 14. Nxc6 bxc6
15. Rfd1 a5 16. Be2 Bd6 17. Bxd6 Qxd6 18. Bf3 Rab8 19. Qa3 Rfd8 20. h3 g6 21.
Ne2 Kg7 22. Ng3 h5 23. Rc5 Qc7 24. Qe3 h4 25. Ne2 Nbd5 26. Qd2 Rb4 27. Qc2 Rd6
28. b3 Qb6 29. Rb1 Ne7 30. Rc4 Nf5 31. Rxb4 Qxb4 32. Bxc6 Nxd4 33. Nxd4 Rxd4
34. Rd1 e5 35. Bb5 Ne4 36. Bc4 f5 37. Bd3 Nc3 38. Rc1 Nd5 39. Rd1 Qc3 40. Qe2
Qc7 41. Qf1 Nf4 42. Bb5 Qc3 43. Bc4 Kf6 44. Rc1 Qd2 45. Ba6 Kg5 46. Rc5 e4 47.
Re5 Qc2 48. Kh2 Rd1 0-1

[Event "2012(Zaozhuang-China) Asian Nations Chess Cup"]
[Site "ZaoZhuang, China"]
[Date "2012.05.23"]
[Round "6"]
[Board "3"]
[White "Huang, Qian"]
[Black "Tay, Li Jin Jeslin"]
[Result "1-0"]
[WhiteElo "2417"]
[BlackElo "2080"]
[PlyCount "0"]
[EventDate "2012.05.17"]
[EventType "team"]
[EventRounds "9"]
[EventCountry "CHN"]
[WhiteTeam "China 1"]
[BlackTeam "Singapore"]

1. Nf3 d5 2. d4 c6 3. c4 Nf6 4. e3 Bf5 5. Nc3 e6 6. Qb3 Qb6 7. c5 Qxb3 8. axb3
Nbd7 9. b4 a6 10. b5 cxb5 11. Bxb5 O-O-O 12. Be2 Be7 13. b4 Ne8 14. b5 axb5 15.
Nxb5 Nc7 16. Bd2 Nxb5 17. Bxb5 f6 18. O-O Nb8 19. Ra8 Rdf8 20. e4 Bg4 21. Bf4
e5 22. Nxe5 Be2 23. Rxb8+ Kxb8 24. Nc6+ Kc8 25. Nxe7+ Kd8 26. Bxe2 Kxe7 27.
Bd6+ 1-0